The rise of Turkey : (Record no. 23280)
[ view plain ]
| 000 -LEADER | |
|---|---|
| fixed length control field | 01292cam a2200289 i 4500 |
| 001 - CONTROL NUMBER | |
| control field | 017377023 |
| 005 - DATE AND TIME OF LATEST TRANSACTION | |
| control field | 20161122145458.0 |
| 008 - FIXED-LENGTH DATA ELEMENTS--GENERAL INFORMATION | |
| fixed length control field | 131105t2014 nbua frb s001 0 eng d |
| 020 ## - INTERNATIONAL STANDARD BOOK NUMBER | |
| International Standard Book Number | 9781612346502 |
| 020 ## - INTERNATIONAL STANDARD BOOK NUMBER | |
| International Standard Book Number | 9781612346519 |
| 040 ## - CATALOGING SOURCE | |
| Original cataloging agency | DLC |
| Language of cataloging | eng |
| Transcribing agency | DLC |
| Modifying agency | DLC |
| -- | Uk |
| -- | EG-ScBUE |
| 043 ## - GEOGRAPHIC AREA CODE | |
| Geographic area code | a-tu--- |
| 082 04 - DEWEY DECIMAL CLASSIFICATION NUMBER | |
| Classification number | 320.9561 |
| Edition number | 22 |
| Item number | CAG |
| 100 1# - MAIN ENTRY--PERSONAL NAME | |
| Personal name | Çaǧaptay, Soner. |
| 245 14 - TITLE STATEMENT | |
| Title | The rise of Turkey : |
| Remainder of title | the twenty-first century's first Muslim power / |
| Statement of responsibility, etc | Soner Cagaptay. |
| 260 ## - PUBLICATION, DISTRIBUTION, ETC. (IMPRINT) | |
| Place of publication, distribution, etc | Lincoln : |
| Name of publisher, distributor, etc | Potomac Books / University of Nebraska Press, |
| Date of publication, distribution, etc | c.2014. |
| 300 ## - PHYSICAL DESCRIPTION | |
| Extent | xvi, 168 p. : |
| Other physical details | ill. ; |
| Dimensions | 24 cm. |
| 500 ## - GENERAL NOTE | |
| General note | Index : p. 165-168. |
| 504 ## - BIBLIOGRAPHY, ETC. NOTE | |
| Bibliography, etc | Bibliography :161-164. |
| 505 0# - FORMATTED CONTENTS NOTE | |
| Formatted contents note | Introduction : rising Turkey and its challenges -- Turkey's new world -- Conservative Islam meets capitalism -- The military gets on board -- Is Turkish power myth or reality? -- Beyond Ottoman benevolence -- The other Turkey -- Can Turkey make it? -- Is there room for Turkey in the West? -- Lessons for America. |
| 650 #7 - SUBJECT ADDED ENTRY--TOPICAL TERM | |
| Topical term or geographic name as entry element | Islam and state |
| Geographic subdivision | Turkey. |
| Source of heading or term | BUEsh |
| 9 (RLIN) | 15624 |
| 650 #0 - SUBJECT ADDED ENTRY--TOPICAL TERM | |
| Topical term or geographic name as entry element | World politics |
| Chronological subdivision | 21st century. |
| Source of heading or term | BUEsh |
| 651 #0 - SUBJECT ADDED ENTRY--GEOGRAPHIC NAME | |
| Geographic name | Turkey |
| General subdivision | Foreign relations |
| Chronological subdivision | 21st century. |
| Source of heading or term | BUEsh |
| 651 #0 - SUBJECT ADDED ENTRY--GEOGRAPHIC NAME | |
| Geographic name | Turkey |
| General subdivision | Economic conditions |
| Chronological subdivision | 21st century. |
| Source of heading or term | BUEsh |
| 653 ## - INDEX TERM--UNCONTROLLED | |
| Resource For college | BAEPS, Political Science |
| Arrived date list | November2016 |
| 942 ## - ADDED ENTRY ELEMENTS (KOHA) | |
| Source of classification or shelving scheme | Dewey Decimal Classification |
| Withdrawn status | Item status | Source of classification or shelving scheme | Damaged status | Not for loan | Vendor | Home library | Current library | Shelving location | Date acquired | Source of acquisition | Cost, normal purchase price | Serial Enumeration / chronology | Total Checkouts | Total Renewals | Full call number | Barcode | Date last seen | Date last borrowed | Cost, replacement price | Koha item type |
|---|---|---|---|---|---|---|---|---|---|---|---|---|---|---|---|---|---|---|---|---|
| Dewey Decimal Classification | Baccah | Central Library | Central Library | First floor | 22/11/2016 | Purchase | 197.00 | 23587 | 3 | 12 | 320.9561 CAG | 000034993 | 15/07/2025 | 21/04/2024 | 246.00 | Book - Borrowing |